00370 a2200109 450000500170000002000220001708200160003911100090005524501110006426000440017530000410021920250627073941.0 a978-0-7517-4695-2 a657.46 ACC aACCA aPaper P6 Advanced Taxation (UK) FA 2007: Practice & Revision Kit for the Exams in June and December 2008 aLondon,bBPP Learning Media Ltdc2008. axxxii, 336p.: ill.; btable,c29cm.